Desserts avec du Chocolat / Cacao - Mort Subite - Statistiques

Statistiques générales
  • Ce quiz a été pris 683 fois
  • Le résultat moyen est 6 sur 16
Answers on the Grid
Answers color-coded by a green-red scale on the quiz's grid according to % correct below.
Mousse au chocolat
Melanzane al cioccolato
Brownie
Barre nanaimo
İzmir Bombası
Lamingtons
Forêt-noire
Sachertorte
Mi-cuit au chocolat
Kalter Hund
Boston cream pie
Schiacciata alla fiorentina
Tiramisu
Trianon
Mississippi mud pie
Estérhazy torta
Sorbet à la fraise
Key lime pie
Gelo di melone
Tarte tropézienne
Portokalopita
Sfouf
Sakuramochi
Hummingbird cake
Ginger snaps
Lupis
Pouding chômeur
Tire d'érable
 
Statistiques - réponses
Réponse % Correct
Brownie
89%
Mousse au chocolat
88%
Forêt-noire
86%
Mi-cuit au chocolat
85%
Tiramisu
73%
Melanzane al cioccolato
61%
Trianon
34%
Schiacciata alla fiorentina
33%
Barre nanaimo
18%
Mississippi mud pie
17%
Sachertorte
16%
İzmir Bombası
10%
Boston cream pie
9%
Lamingtons
8%
Estérhazy torta
7%
Kalter Hund
7%
Aucun quiz correspondant
Distribution des résultats
% des personnes avec chaque résultat
Percentile par nombre de réponses
Votre historique - résultats
Vous n’avez pas pris ce quiz